BIBLIOTECA

SENCICO

Manual de conocimientos básicos de carpintería (Registro nro. 3536)

Detalles MARC
000 -LEADER
fixed length control field 00516nam a2200193Ia 4500
005 - DATE AND TIME OF LATEST TRANSACTION
control field 20251020182617.0
008 - FIXED-LENGTH DATA ELEMENTS--GENERAL INFORMATION
fixed length control field 200515s9999 xx 000 0 und d
082 ## - DEWEY DECIMAL CLASSIFICATION NUMBER
Classification number SC/694/I61
110 ## - MAIN ENTRY--CORPORATE NAME
Corporate name or jurisdiction name as entry element Instituto Técnico de Capacitación u Productividad
245 #0 - TITLE STATEMENT
Title Manual de conocimientos básicos de carpintería
260 ## - PUBLICATION, DISTRIBUTION, ETC.
Place of publication, distribution, etc. Guatemala
260 ## - PUBLICATION, DISTRIBUTION, ETC.
Date of publication, distribution, etc. 1982
300 ## - PHYSICAL DESCRIPTION
Extent 139
520 ## - SUMMARY, ETC.
Summary, etc. Operaciones básicas de carpintería
650 ## - SUBJECT ADDED ENTRY--TOPICAL TERM
Topical term or geographic name entry element CARPINTERIA
650 ## - SUBJECT ADDED ENTRY--TOPICAL TERM
Topical term or geographic name entry element MANUALES
650 ## - SUBJECT ADDED ENTRY--TOPICAL TERM
Topical term or geographic name entry element PUB INTECAP
942 ## - ADDED ENTRY ELEMENTS (KOHA)
Koha item type Libros
Existencias
Fecha de la última vez que lo usaron Pago total Signatura topográfica completa Código de barras Precio efectivo desde Tipo de documento Estado perdido Estado dañado No es para préstamo Retirado Ubicación permanente Ubicación actual Fecha de adquisición
15/05/2020   SC/694/I61 Bib-Lima15053536 15/05/2020 Libros         Biblioteca Central Lima Biblioteca Central Lima 15/05/2020